000 00747nam a2200205Ia 4500
005 20150410121816.0
010 _aBAC-CH25
020 _a9780753720820
_c350.00
035 _aG-003156
035 _aB-563761-791
037 _bTechniz/vender
_adpl
082 _a032.02
245 _aTell Me About? /
260 _c2013
_aLondon
_bChancellor Press (imprint of Octopus Publishing Group)
270 _a189, Shaftesbury Avenue
_bLondon
_eWC2H 8JY
300 _a207p.:
_bcol.ill.
_c22cm(pbk)
942 _cCH
_2ddc
_mTEL
_h032.02
999 _c86233
_d86233